000 00573nam a2200181Ia 4500
008 100920s9999 xx 000 0 und d
082 _b66305
_a28 व 891,464 थ 93
100 _aसोमठाणकर द.ज.
245 _aफुलदाणी.
260 _bदिपाली प्रकाशन, कल्याण.
_c1993
300 _a77
_bसाधी
365 _b30
520 _aबा.वि.निबंध.
630 _aफुलदाणी.
650 _aबा.वि.निबंध.
730 _aफुलदाणी.
942 _cBOOK
999 _c708961
_d708958